[Event "World Rapid Women 2022"]
[Site "Almaty KAZ"]
[Date "2022.12.28"]
[Round "9.14"]
[White "Dzagnidze, Nana"]
[Black "Fataliyeva, Ulviyya"]
[Result "1-0"]
[WhiteTitle "GM"]
[BlackTitle "IM"]
[WhiteElo "2517"]
[BlackElo "2428"]
[WhiteFideId "13601903"]
[BlackFideId "13403052"]
[EventDate "2022.12.26"]

1. c4 e6 2. Nf3 Nf6 3. b3 d5 4. Bb2 Bd6 5. g3 b6 6. cxd5 exd5 7. Bg2 O-O 8. O-O
Bb7 9. Nh4 Re8 10. Nc3 a6 11. e3 Bf8 12. Rc1 Nbd7 13. Ne2 Rc8 14. d3 c5 15. d4
Ne4 16. dxc5 bxc5 17. Nf4 Ne5 18. Nf3 Nxf3+ 19. Bxf3 Qa5 20. Bxe4 Rxe4 21. Nxd5
c4 22. bxc4 Rexc4 23. Rxc4 Rxc4 24. Nf4 Qxa2 25. Bd4 Qc2 26. Qg4 Rxd4 27. exd4
Qe4 28. f3 Qxd4+ 29. Kg2 a5 30. Qf5 Bc5 31. Qc2 g5 32. Rd1 Qe3 33. Rd8+ Bf8 34.
Nd5 Qe5 35. Qc5 Qe2+ 36. Kh3 Qe6+ 37. g4 Qh6+ 38. Kg2 Bxd5 39. Qxd5 Qf6 40. Ra8
a4 41. Rxa4 Bd6 42. Ra2 Qf4 43. Kh3 h5 44. Qf5 hxg4+ 45. Qxg4 Qf6 46. Kg2 Qe5
47. Qh3 Qd5 48. Rc2 Kg7 49. Qc8 Qe5 50. Qc3 Kg6 51. Qxe5 Bxe5 52. Rc4 Bf4 53.
Kh3 Kf5 54. Kg2 Kg6 55. Rc5 f6 56. Rc4 Kh5 57. Ra4 Kg6 58. h4 Be5 59. Kh3 Kf5
60. h5 Bf4 61. Ra7 Ke6 62. h6 g4+ 63. Kxg4 Bxh6 64. Ra6+ Kf7 65. Kf5 Bg5 66. f4
Bh4 67. Ra7+ Kf8 68. Kg6 Ke8 69. Rh7 Bg3 70. f5 Be5 71. Rh8+ Ke7 72. Ra8 Bd4 73.
Kg7 Be3 74. Ra6 Bd4 75. Re6+ Kd7 76. Kf7 1-0

[Event "World Rapid Women 2022"]
[Site "Almaty KAZ"]
[Date "2022.12.28"]
[Round "9.15"]
[White "Harika, Dronavalli"]
[Black "Padmini, Rout"]
[Result "1-0"]
[WhiteTitle "GM"]
[BlackTitle "IM"]
[WhiteElo "2507"]
[BlackElo "2389"]
[WhiteFideId "5015197"]
[BlackFideId "5029295"]
[EventDate "2022.12.26"]

1. e4 c5 2. c3 d5 3. exd5 Qxd5 4. d4 g6 5. Nf3 Bg7 6. Nbd2 cxd4 7. Bc4 Qd8 8.
Nxd4 Nf6 9. O-O O-O 10. N2f3 Nbd7 11. Qe2 a6 12. Bg5 Qc7 13. Bb3 e5 14. Nc2 b5
15. Bxf6 Bxf6 16. Ne3 Bb7 17. Nd5 Bxd5 18. Bxd5 Rae8 19. Nd2 Nb6 20. Bb3 Bg5 21.
Ne4 Be7 22. a4 bxa4 23. Bxa4 Ra8 24. Rfd1 Kg7 25. Bb3 a5 26. Bd5 Nxd5 27. Rxd5
Rfd8 28. c4 Rdc8 29. Rc1 Rd8 30. Rcd1 Rxd5 31. cxd5 Rd8 32. g3 f5 33. d6 Rxd6
34. Nxd6 Bxd6 35. Qa6 Bc5 36. Qe2 Bd4 37. Rd2 h5 38. h4 Qb6 39. Kh2 f4 40. Qf3
fxg3+ 41. fxg3 Qc7 42. Qd1 Qf7 43. Rc2 Qe7 44. Qc1 Bb6 45. Rc6 Qb4 46. Qc2 e4
47. Qc3+ Bd4 48. Rc7+ Kh6 49. Qxb4 axb4 50. b3 e3 51. Kg2 Bc3 52. Re7 Bd2 53.
Kf3 Bc1 54. Rd7 Bd2 55. Rb7 Be1 56. Kxe3 g5 57. Rb6+ Kg7 58. hxg5 Bxg3 59. Rxb4
Kg6 60. Rb5 Bc7 61. Kf3 Bd8 62. b4 Bxg5 63. Rxg5+ 1-0

[Event "World Rapid Women 2022"]
[Site "Almaty KAZ"]
[Date "2022.12.28"]
[Round "9.16"]
[White "Girya, Olga"]
[Black "Khademalsharieh, Sarasadat"]
[Result "1-0"]
[WhiteTitle "GM"]
[BlackTitle "IM"]
[WhiteElo "2398"]
[BlackElo "2490"]
[WhiteFideId "4195752"]
[BlackFideId "12512214"]
[EventDate "2022.12.26"]

1. d4 d5 2. c4 e6 3. Nc3 Nf6 4. Bg5 dxc4 5. e3 c5 6. Bxc4 a6 7. dxc5 Qxd1+ 8.
Rxd1 Bxc5 9. Nf3 Nc6 10. O-O O-O 11. Be2 h6 12. Bh4 Re8 13. Nd2 g5 14. Bg3 e5
15. Nc4 Bg4 16. Bxg4 Nxg4 17. Nd5 b5 18. Nd2 Rad8 19. Ne4 Be7 20. h3 f5 21.
Nxe7+ Rxe7 22. Rxd8+ Nxd8 23. Nd6 f4 24. Nf5 Rc7 25. hxg4 fxg3 26. Nxg3 Rc2 27.
Rb1 Ne6 28. Nf5 Kh7 29. b4 Rxa2 30. Rd1 Kg6 31. Rd6 Kf6 32. Nxh6 Ra4 33. Kh2 e4
34. Kg3 Rxb4 35. Rxa6 Rb1 36. Rb6 b4 37. Nf5 Ke5 38. Rb5+ Kf6 39. Nd6 Rb2 40.
Nxe4+ Kg6 41. Rb6 Kf7 42. Rb7+ Ke8 43. f4 gxf4+ 44. exf4 Rb3+ 45. Kh4 Nxf4 46.
g3 Ne6 47. g5 Rb1 48. g6 b3 49. Kg4 b2 50. Nd2 Re1 51. Rxb2 Re5 52. Nf3 Ra5 53.
Rb7 Kf8 54. Rf7+ Kg8 55. Re7 Ng7 56. Rd7 Nh5 57. Rb7 Nf6+ 58. Kh3 Ne4 59. Nd4
Ra6 60. Nf5 Ng5+ 61. Kg4 1-0

[Event "World Rapid Women 2022"]
[Site "Almaty KAZ"]
[Date "2022.12.28"]
[Round "9.17"]
[White "Buksa, Nataliya"]
[Black "Atalik, Ekaterina"]
[Result "1-0"]
[WhiteTitle "IM"]
[BlackTitle "IM"]
[WhiteElo "2405"]
[BlackElo "2403"]
[WhiteFideId "14123622"]
[BlackFideId "4130189"]
[EventDate "2022.12.26"]

1. e4 e5 2. Nf3 Nc6 3. Bc4 Nf6 4. d4 exd4 5. e5 d5 6. Bb5 Ne4 7. Nxd4 Bd7 8.
Bxc6 bxc6 9. O-O Bc5 10. f3 Ng5 11. Be3 Ne6 12. c3 Bb6 13. f4 c5 14. Nxe6 fxe6
15. Qh5+ g6 16. Qh6 Qe7 17. Nd2 O-O-O 18. a4 a5 19. Qh3 Rhf8 20. b4 cxb4 21.
cxb4 d4 22. Qf3 c6 23. Nc4 Ba7 24. Bd2 Be8 25. bxa5 Rd5 26. Qd3 Qc7 27. Rab1 c5
28. a6 Bc6 29. Ba5 Qd7 30. Nb6+ Bxb6 31. Rxb6 Qc7 32. Rfb1 Rxf4 33. Rb8+ Qxb8
34. Rxb8+ Kxb8 35. Qd1 1-0

[Event "World Rapid Women 2022"]
[Site "Almaty KAZ"]
[Date "2022.12.28"]
[Round "9.18"]
[White "Paehtz, Elisabeth"]
[Black "Charochkina, Daria"]
[Result "0-1"]
[WhiteTitle "GM"]
[BlackTitle "IM"]
[WhiteElo "2464"]
[BlackElo "2344"]
[WhiteFideId "4641833"]
[BlackFideId "4180917"]
[EventDate "2022.12.26"]

1. d4 d6 2. Nf3 Nf6 3. g3 g6 4. Bg2 Bg7 5. O-O O-O 6. c4 Bf5 7. Nc3 Ne4 8. Nd5
c6 9. Ne3 Be6 10. Qc2 d5 11. b3 a5 12. Bb2 a4 13. Ne5 a3 14. Bc1 Nd7 15. f3 Nd6
16. f4 dxc4 17. bxc4 Nxe5 18. dxe5 Nxc4 19. Rd1 Qb6 20. Kf2 Nb2 21. Rd2 Rfd8 22.
Rxd8+ Rxd8 23. Bxb2 Bf5 24. Bd4 Qxd4 25. Qc1 g5 26. Qc4 Qxc4 27. Nxc4 gxf4 28.
gxf4 Rd4 29. Rc1 Be6 30. Nxa3 Rxf4+ 31. Bf3 Ra4 32. Nc2 Bxe5 33. Ne1 Rxa2 34.
Nd3 Bxh2 35. Rb1 Bc8 36. Nc5 Ra7 37. Be4 Bd6 38. Rg1+ Kf8 39. Nd3 f5 40. Bf3 e5
41. e4 Ra2+ 42. Kg3 f4+ 43. Kh4 Rh2+ 44. Kg5 Be7# 0-1

[Event "World Rapid Women 2022"]
[Site "Almaty KAZ"]
[Date "2022.12.28"]
[Round "9.19"]
[White "Omonova, Umida"]
[Black "Javakhishvili, Lela"]
[Result "1-0"]
[WhiteTitle "WFM"]
[BlackTitle "IM"]
[WhiteElo "2052"]
[BlackElo "2440"]
[WhiteFideId "14210363"]
[BlackFideId "13601458"]
[EventDate "2022.12.26"]

1. e4 g6 2. d4 Bg7 3. Nc3 d6 4. Nf3 c6 5. Be2 Nd7 6. O-O e5 7. Re1 Ngf6 8. h3
O-O 9. Bf1 exd4 10. Nxd4 Re8 11. Nb3 Qc7 12. Bf4 Ne5 13. a4 Nh5 14. Bh2 Bh6 15.
Nd4 Bd7 16. a5 Rad8 17. Nf3 Bc8 18. Nxe5 dxe5 19. Qf3 Be6 20. a6 b5 21. Bd3 Nf4
22. Bf1 Qe7 23. Ne2 Nxe2+ 24. Bxe2 Qc5 25. Bd3 Bc4 26. Red1 Bg7 27. Bxc4 Qxc4
28. c3 b4 29. Bg3 Qb3 30. cxb4 Qxb4 31. Qe3 Rd4 32. Rdc1 c5 33. Qc3 Rxe4 34.
Qxb4 Rxb4 35. Rxc5 e4 36. Rc7 Bd4 37. Rd1 Bb6 38. Rb7 Rxb2 39. Kh2 e3 40. fxe3
Rxe3 41. Rd8+ Bxd8 42. Rxb2 Bb6 43. Bf2 Bc7+ 44. g3 Ra3 45. Rb7 Be5 46. Rxa7 Ra2
47. Kg1 Ra1+ 48. Kg2 Ra2 49. Kg1 Ra1+ 50. Kg2 Ra2 51. Ra8+ Kg7 52. Kf3 Ra3+ 53.
Ke4 Bxg3 54. Bd4+ Kh6 55. a7 f5+ 56. Kd5 Ra4 57. Bb6 g5 58. Re8 Bc7 59. Bc5 Kh5
60. a8=Q Rxa8 61. Rxa8 Kh4 62. Ra7 Bd8 63. Rxh7+ Kg3 64. Bd6+ f4 65. Ke4 Kg2 66.
Bc5 f3 67. Rf7 Kxh3 68. Rxf3+ Kg2 69. Rf2+ Kg3 70. Rf1 g4 71. Rg1+ Kh3 72. Bd6
Bh4 73. Rh1+ 1-0

[Event "World Rapid Women 2022"]
[Site "Almaty KAZ"]
[Date "2022.12.28"]
[Round "9.20"]
[White "Nurgaliyeva, Zarina"]
[Black "Arabidze, Meri"]
[Result "1/2-1/2"]
[WhiteTitle "WFM"]
[BlackTitle "IM"]
[WhiteElo "2013"]
[BlackElo "2427"]
[WhiteFideId "13730096"]
[BlackFideId "13604040"]
[EventDate "2022.12.26"]

1. e4 c5 2. Nf3 e6 3. b3 a6 4. Bb2 Nc6 5. g3 Nf6 6. e5 Ng4 7. Bg2 Be7 8. O-O O-O
9. Re1 f6 10. exf6 Bxf6 11. d4 cxd4 12. h3 d3 13. c3 Nge5 14. Nxe5 Nxe5 15. Ba3
Rf7 16. f4 Qb6+ 17. Kh2 Ng6 18. Qxd3 d5 19. Nd2 Bd7 20. Re2 Bb5 21. Qe3 Qc7 22.
Ree1 Qxc3 23. Rac1 Qxe3 24. Rxe3 Be7 25. Bxe7 Rxe7 26. f5 exf5 27. Bxd5+ Kf8 28.
Rxe7 Kxe7 29. Bxb7 Rd8 30. Nf3 f4 31. a4 Bd3 32. Re1+ Kf6 33. Rd1 Rb8 34. Rxd3
Rxb7 35. Nd2 Rb6 36. gxf4 Nxf4 37. Rf3 Kf5 38. Kg3 Rg6+ 39. Kf2 Rg2+ 40. Ke1 g5
41. Rc3 Rg1+ 42. Kf2 Rd1 43. Nf1 Rb1 44. Rc5+ Kg6 45. Rc6+ 1/2-1/2

[Event "World Rapid Women 2022"]
[Site "Almaty KAZ"]
[Date "2022.12.28"]
[Round "9.21"]
[White "Kamalidenova, Meruert"]
[Black "Injac, Teodora"]
[Result "0-1"]
[WhiteTitle "WIM"]
[BlackTitle "WGM"]
[WhiteElo "2377"]
[BlackElo "2365"]
[WhiteFideId "13712802"]
[BlackFideId "932400"]
[EventDate "2022.12.26"]

1. e4 e5 2. Nf3 Nc6 3. Bc4 Bc5 4. c3 Nf6 5. d4 exd4 6. cxd4 Bb4+ 7. Nbd2 d5 8.
exd5 Nxd5 9. O-O O-O 10. a3 Bxd2 11. Qxd2 Bf5 12. Re1 h6 13. b4 a6 14. Bb3 Qd6
15. Bb2 Rad8 16. Ne5 Nce7 17. h3 c6 18. Rad1 Ng6 19. Qe2 Nxe5 20. dxe5 Qg6 21.
Qf3 Bc2 22. Rd4 Bxb3 23. Qxb3 Qe6 24. Qc2 Ne7 25. Qd2 Rd5 26. Rxd5 Nxd5 27. f4
Qf5 28. Rf1 Rd8 29. Qd4 h5 30. Kh2 Rd7 31. Qf2 Nc7 32. Qe2 Ne6 33. Bc1 Rd4 34.
Qf2 Rc4 35. Qf3 g6 36. Qf2 Rc2 37. Qe3 Ra2 38. Rf2 Rxf2 39. Qxf2 g5 40. g3 h4 0-1

[Event "World Rapid Women 2022"]
[Site "Almaty KAZ"]
[Date "2022.12.28"]
[Round "9.22"]
[White "Pourkashiyan, Atousa"]
[Black "Assaubayeva, Bibisara"]
[Result "0-1"]
[WhiteTitle "WGM"]
[BlackTitle "IM"]
[WhiteElo "2321"]
[BlackElo "2440"]
[WhiteFideId "12502014"]
[BlackFideId "13708694"]
[EventDate "2022.12.26"]

1. e4 e5 2. Nf3 Nc6 3. Bb5 a6 4. Ba4 g6 5. O-O Bg7 6. c3 Nge7 7. d4 exd4 8. cxd4
b5 9. Bb3 d6 10. h3 O-O 11. Nc3 Na5 12. Bc2 c5 13. d5 Nc4 14. Rb1 h6 15. Bd3 Nb6
16. Re1 b4 17. Ne2 a5 18. Ng3 Ba6 19. Bxa6 Rxa6 20. h4 Qd7 21. h5 g5 22. Nxg5
hxg5 23. h6 Be5 24. Bxg5 f6 25. Bc1 Bxg3 26. Qd3 Be5 27. Qxa6 Nbc8 28. h7+ Kh8
29. Qe2 Ng6 30. g3 Qh3 31. Qf1 Qxf1+ 32. Kxf1 f5 33. exf5 Rxf5 34. Kg2 Nce7 35.
f4 Bd4 36. Re6 Rxd5 37. g4 Kxh7 38. f5 Be5 39. Bg5 Kg7 40. f6+ Bxf6 41. Bxf6+
Kf7 42. Rxe7+ Nxe7 43. Rf1 Ke6 44. Bh4 Rd2+ 45. Kg3 Rd3+ 46. Kg2 Nd5 47. Re1+
Kf7 48. Bg5 Kg6 49. Bc1 Rd4 50. g5 c4 51. Kf3 Kf5 52. Rg1 Rd3+ 53. Ke2 Ne7 54.
Rf1+ Kg6 55. Rf6+ Kg7 56. Re6 Nf5 57. Re8 Nd4+ 58. Kf2 c3 59. bxc3 bxc3 60. Rc8
Kf7 61. Be3 Nf5 62. Bf4 d5 63. Rc6 Rf3+ 64. Kxf3 Nd4+ 65. Ke3 Nxc6 66. Kd3 d4
67. a4 Kg6 68. Ke4 Kh5 69. Kd3 Kg4 70. Bc1 Kf5 71. Kc4 Ke4 72. Kb5 Ne5 73. Kxa5
d3 74. Kb4 d2 0-1

[Event "World Rapid Women 2022"]
[Site "Almaty KAZ"]
[Date "2022.12.28"]
[Round "9.23"]
[White "Gvetadze, Sofio"]
[Black "Mammadzada, Gunay"]
[Result "0-1"]
[WhiteTitle "IM"]
[BlackTitle "IM"]
[WhiteElo "2298"]
[BlackElo "2472"]
[WhiteFideId "13601440"]
[BlackFideId "13403729"]
[EventDate "2022.12.26"]

1. c4 c6 2. Nf3 d5 3. e3 Nf6 4. b3 Bg4 5. Bb2 e6 6. Be2 Nbd7 7. O-O Bd6 8. d4
O-O 9. Nc3 Qe7 10. a3 Rad8 11. h3 Bh5 12. cxd5 Bxf3 13. Bxf3 exd5 14. b4 a6 15.
Na4 Ne4 16. Nc5 Ndf6 17. Rc1 Bb8 18. Bxe4 dxe4 19. f4 Nd5 20. Qe2 f5 21. Bc3 g5
22. g3 Kh8 23. Be1 Rg8 24. Kh1 Rg6 25. Na4 gxf4 26. exf4 Rdg8 27. Qh5 Rxg3 28.
Bxg3 Rxg3 29. Qxf5 Ne3 30. Qh5 Nxf1 31. Rxf1 e3 32. Nc3 e2 33. Qxe2 Rxh3+ 34.
Kg2 Re3 35. Qg4 Rxc3 36. Qc8+ Kg7 37. Qxb8 Qe4+ 38. Kh2 Qe2+ 39. Kg1 Rg3+ 0-1

[Event "World Rapid Women 2022"]
[Site "Almaty KAZ"]
[Date "2022.12.28"]
[Round "9.25"]
[White "Tania, Sachdev"]
[Black "Petrova, Irina"]
[Result "1-0"]
[WhiteTitle "IM"]
[BlackTitle "WIM"]
[WhiteElo "2389"]
[BlackElo "2123"]
[WhiteFideId "5007844"]
[BlackFideId "14124122"]
[EventDate "2022.12.26"]

1. d4 d6 2. Nf3 g6 3. c4 Bg7 4. Nc3 Nc6 5. d5 Ne5 6. Nxe5 Bxe5 7. e4 Nf6 8. Be2
O-O 9. Bh6 Re8 10. Qc2 c6 11. h3 cxd5 12. cxd5 Bd7 13. O-O Rc8 14. Be3 Qa5 15.
Rac1 Nh5 16. Bxh5 gxh5 17. Qe2 b5 18. a3 b4 19. axb4 Qxb4 20. Bxa7 Kh8 21. Be3
Rg8 22. Qf3 Qxb2 23. Ne2 f6 24. Rxc8 Bxc8 25. Nc1 Qb5 26. Qxh5 Ba6 27. Rd1 Qa4
28. Qf3 Qc2 29. Bh6 Bc8 30. Nd3 Ba6 31. Nxe5 dxe5 32. Rc1 Qd3 33. Qf5 Bc4 34. d6
Bf7 35. dxe7 Qd6 36. Be3 Qxe7 37. Rc6 Rg6 38. Bc5 Qb7 39. Rxf6 Bg8 40. Rxg6 hxg6
41. Qxe5+ Kh7 42. Bd4 Kh6 43. Qh8+ Bh7 44. Qf8+ Kh5 45. g4+ Kg5 46. Be3+ 1-0

[Event "World Rapid Women 2022"]
[Site "Almaty KAZ"]
[Date "2022.12.28"]
[Round "9.26"]
[White "Ovod, Evgenija"]
[Black "Mkrtchian, Lilit"]
[Result "1-0"]
[WhiteTitle "IM"]
[BlackTitle "IM"]
[WhiteElo "2323"]
[BlackElo "2377"]
[WhiteFideId "4131827"]
[BlackFideId "13300601"]
[EventDate "2022.12.26"]

1. e4 e6 2. d4 d5 3. Nd2 Be7 4. e5 c5 5. c3 cxd4 6. cxd4 Qb6 7. Ndf3 Bb4+ 8. Bd2
Nc6 9. Bxb4 Qxb4+ 10. Qd2 Bd7 11. Bd3 Nge7 12. Ne2 Qxd2+ 13. Kxd2 Nb4 14. Nc3
Nxd3 15. Kxd3 O-O 16. h4 f6 17. exf6 gxf6 18. g4 Kh8 19. Rag1 Rg8 20. g5 Raf8
21. gxf6 Rxf6 22. Ne5 Be8 23. Rxg8+ Kxg8 24. Rg1+ Kh8 25. f3 Rh6 26. Rg4 Nf5 27.
Ne2 Nxh4 28. Nf4 Nf5 29. a4 Rf6 30. b3 Ne7 31. Ke3 Nf5+ 32. Kd3 Ne7 33. Ke3 h6
34. Rg1 Kh7 35. Rc1 Nc6 36. Nxc6 bxc6 37. Nd3 h5 38. Ne5 h4 39. Rh1 Rh6 40. Ng4
Rg6 41. Rxh4+ Kg7 42. Ne5 Rg1 43. Rg4+ Rxg4 44. fxg4 Kf6 45. Kf4 Ke7 46. a5 Kf6
47. b4 a6 48. Nd3 Bd7 49. g5+ Ke7 1-0

[Event "World Rapid Women 2022"]
[Site "Almaty KAZ"]
[Date "2022.12.28"]
[Round "9.27"]
[White "Nomin-Erdene, Davaademberel"]
[Black "Nurmanova, Alua"]
[Result "0-1"]
[WhiteTitle "IM"]
[BlackTitle "WIM"]
[WhiteElo "2384"]
[BlackElo "2191"]
[WhiteFideId "4900782"]
[BlackFideId "13729390"]
[EventDate "2022.12.26"]

1. f4 e5 2. fxe5 d6 3. exd6 Bxd6 4. Nf3 Bg4 5. e4 Nf6 6. d3 Nc6 7. Be2 Nh5 8.
Bg5 f6 9. Be3 f5 10. Nc3 O-O 11. Bg5 Qe8 12. Qd2 h6 13. Be3 Bb4 14. exf5 Rxf5
15. O-O Rd8 16. Rae1 Kh8 17. Bd1 Qd7 18. Nh4 Rxf1+ 19. Rxf1 Ne5 20. Kh1 Be7 21.
Nf3 Rf8 22. Ne4 Qd5 23. Qe1 Ng6 24. Nc3 Qd7 25. Nd2 Rxf1+ 26. Qxf1 Bxd1 27. Qxd1
Nf6 28. Qf3 Qe6 29. Nde4 Nd7 30. Qh5 Nde5 31. a3 a6 32. Qe2 Kh7 33. Nd1 Qf5 34.
Ndf2 b5 35. Ng3 Qf7 36. Nfe4 Qa2 37. Nf5 Qb1+ 38. Bg1 Bf8 39. d4 Nc4 40. Qh5 Qc1
41. b3 Nxa3 42. h4 Nh8 43. Ng5+ Kg8 44. Ne6 g6 45. Qg4 h5 46. Qg3 Qxc2 47. Ne3
Qe4 48. Ng5 Qc6 49. d5 Qd7 50. Ne6 Bd6 51. Qg5 Kh7 52. Qf6 Kg8 53. Nc2 Nxc2 54.
Bf2 Qe7 55. Qc3 Nb4 56. Qd4 c6 57. Ng5 Nxd5 58. Qd3 Qe5 59. Nf3 Qf5 60. Qd4 Nf7
61. Qa7 Nf4 62. Qa8+ Kh7 63. Qxc6 Qg4 64. Nd4 Qd1+ 65. Bg1 Nd3 66. Qe4 Nf2# 0-1

[Event "World Rapid Women 2022"]
[Site "Almaty KAZ"]
[Date "2022.12.28"]
[Round "9.28"]
[White "Borisova, Ekaterina"]
[Black "Mkrtchyan, Mariam"]
[Result "1/2-1/2"]
[WhiteTitle "FM"]
[BlackTitle "WIM"]
[WhiteElo "2223"]
[BlackElo "2364"]
[WhiteFideId "34124184"]
[BlackFideId "13310828"]
[EventDate "2022.12.26"]

1. Nf3 d5 2. g3 Bg4 3. Bg2 e6 4. h3 Bh5 5. O-O c6 6. d3 Nf6 7. c4 Be7 8. cxd5
exd5 9. Qb3 Qb6 10. Qc2 O-O 11. Nc3 Nbd7 12. e4 dxe4 13. dxe4 Rad8 14. Be3 Qa5
15. a3 Bg6 16. b4 Qc7 17. Nh4 Nb6 18. Rae1 Nc4 19. Bc1 a5 20. Nxg6 hxg6 21. e5
Nxe5 22. Bf4 Bd6 23. Nb5 cxb5 24. Qxc7 Bxc7 25. Bxe5 Bb6 26. Bxb7 axb4 27. axb4
Rd2 28. Bf3 Rc8 29. Rd1 Rcc2 30. Rxd2 Rxd2 31. g4 Nd5 32. Bxd5 Rxd5 33. Re1 Rd3
34. Kg2 Rb3 35. Bd6 Rb2 36. Re8+ Kh7 37. Bc5 Bxc5 38. bxc5 Rc2 39. Rc8 g5 40. c6
b4 41. Rb8 Rxc6 42. Rxb4 1/2-1/2

[Event "World Rapid Women 2022"]
[Site "Almaty KAZ"]
[Date "2022.12.28"]
[Round "9.29"]
[White "Hajiyeva, Laman"]
[Black "Beydullayeva, Govhar"]
[Result "1-0"]
[WhiteTitle "WFM"]
[BlackTitle "WGM"]
[WhiteElo "2135"]
[BlackElo "2387"]
[WhiteFideId "13415875"]
[BlackFideId "13413015"]
[EventDate "2022.12.26"]

1. e4 c5 2. c3 d5 3. exd5 Nf6 4. Qa4+ Nbd7 5. Qb3 g6 6. Nf3 Bg7 7. Be2 O-O 8.
O-O b6 9. c4 Bb7 10. Nc3 e6 11. dxe6 fxe6 12. d4 cxd4 13. Nxd4 Nc5 14. Qd1 Qe7
15. Nb3 Rad8 16. Qc2 Nce4 17. Nd1 Nd6 18. Bg5 h6 19. Bd2 Nf5 20. Nc3 Nh4 21. f3
Nh5 22. Ne4 Nf5 23. a4 Be5 24. Nf2 Nf4 25. Bxf4 Bxf4 26. Nh3 Be5 27. Rfe1 Qf6
28. Bd3 Bxb2 29. Ra2 Bd4+ 30. Kh1 Ne3 31. Qe2 Nxg2 32. Qxe6+ Qxe6 33. Rxe6 Nh4
34. Be4 Rxf3 35. Nxd4 Rf1+ 36. Ng1 Rxd4 37. Bxb7 Rdd1 38. h3 Rxg1+ 39. Kh2 Rge1
40. Rxe1 Rxe1 41. a5 Rb1 42. a6 Nf5 43. Rd2 Rc1 44. Rd7 Rc2+ 45. Kg1 Rc1+ 46.
Kf2 Rc2+ 47. Ke1 Ne3 48. Bd5+ Kf8 49. Rxa7 Ra2 50. Ra8+ Ke7 51. a7 Nc2+ 52. Kf1
Ne3+ 53. Kg1 Ra1+ 54. Kf2 Nxd5 55. cxd5 Kd6 56. Rd8+ Kc5 57. a8=Q Rxa8 58. Rxa8
Kxd5 59. Rg8 1-0

[Event "World Rapid Women 2022"]
[Site "Almaty KAZ"]
[Date "2022.12.28"]
[Round "9.30"]
[White "Kaldarova, Ayaulym"]
[Black "Yao, Lan"]
[Result "1/2-1/2"]
[BlackTitle "WIM"]
[WhiteElo "1832"]
[BlackElo "2271"]
[WhiteFideId "13720503"]
[BlackFideId "8610835"]
[EventDate "2022.12.26"]

1. Nf3 Nf6 2. c4 e6 3. g3 d5 4. Bg2 a6 5. b3 c5 6. cxd5 Nxd5 7. Bb2 Nf6 8. O-O
Be7 9. Ne5 O-O 10. d3 Nfd7 11. Nd2 Nxe5 12. Bxe5 Nd7 13. Bb2 Rb8 14. Ne4 b5 15.
Rc1 f5 16. Nd2 Qb6 17. Qc2 Bb7 18. Nf3 Rbc8 19. Qd2 Bf6 20. Rfd1 e5 21. b4 Rfe8
22. e3 Rcd8 23. bxc5 Nxc5 24. d4 Na4 25. Ba1 e4 26. Ne1 Bd5 27. h4 Qe6 28. Bh3
g6 29. Ng2 Nb6 30. Nf4 Qf7 31. Nxd5 Qxd5 32. Rc5 Qd6 33. Bf1 Nd5 34. Rdc1 Ne7
35. a4 bxa4 36. Qa2+ Kg7 37. Qxa4 f4 38. exf4 Kh6 39. R5c4 Nd5 40. Rc6 Qd7 41.
Rxa6 Qg4 42. Qd1 Qxd1 43. Rxd1 Kg7 44. Re1 Re7 45. Bg2 Nb4 46. Ra4 Nc2 47. Rxe4
Rb7 48. Bc3 Rc7 49. Ba5 Ra7 50. Ra2 Rxd4 51. Rxc2 Rxe4 52. Bxe4 Rxa5 53. Kg2 Ra7
54. Bd5 Rd7 55. Be6 Ra7 56. Rc8 Bd4 57. Rc2 Kf6 58. Bd5 Rd7 59. Bg8 Kg7 60. Be6
Re7 61. Bd5 Rd7 62. Be4 Ra7 63. Rd2 Bf6 64. f5 g5 65. hxg5 Bxg5 66. Rb2 Ra4 67.
Rb7+ Kh6 68. Bb1 Bf6 69. Rb6 Kg7 70. Rb3 Rd4 71. Bd3 h5 72. Be2 h4 73. g4 Kh6
74. Bf3 Rd2 75. Rb6 Kg5 76. Re6 Ra2 77. Re8 Kf4 78. Re4+ Kg5 79. Re6 Bd4 80. Be2
Bf6 81. Kf3 Ra4 82. Kg2 Rb4 83. Re8 Rb2 84. Kf3 Rb3+ 85. Kg2 Rb2 86. Re6 Rb4 87.
Bd3 Rxg4+ 88. Kh3 Rf4 89. Kg2 h3+ 90. Kg3 Rd4 91. Be4 h2 92. Kxh2 Bd8 93. Kg3
Bc7+ 94. Kf3 Rd6 95. Re7 Bb6 96. Rg7+ Kf6 97. Rg2 Ke5 98. Rh2 Bd4 99. Rh8 Ra6
100. Re8+ Kf6 101. Kg3 Kf7 102. Rc8 Ra7 103. Rc6 Bf6 104. Bd5+ Kg7 105. f4 Re7
106. Kg4 Ra7 107. Rc8 Kh7 108. Rf8 Kg7 109. Rg8+ Kh7 110. Re8 Re7 111. Rc8 Ra7
112. Kh5 Rd7 113. Be6 Ra7 114. Rf8 Kg7 115. Rg8+ Kh7 116. Rg6 Bc3 117. Kg5 Rg7
118. Bc4 Rxg6+ 119. fxg6+ Kg7 120. Kf5 Bf6 121. Bf7 Bd4 122. Ke6 Bf6 123. Kf5
Bd4 124. Kg5 Bf6+ 1/2-1/2

[Event "World Rapid Women 2022"]
[Site "Almaty KAZ"]
[Date "2022.12.28"]
[Round "9.31"]
[White "Osmak, Yuliia"]
[Black "Gaboyan, Susanna"]
[Result "1/2-1/2"]
[WhiteTitle "IM"]
[BlackTitle "WIM"]
[WhiteElo "2451"]
[BlackElo "2200"]
[WhiteFideId "14101602"]
[BlackFideId "13303627"]
[EventDate "2022.12.26"]

1. e4 d5 2. exd5 Nf6 3. Bb5+ Bd7 4. Bc4 Bg4 5. f3 Bf5 6. Nc3 Nbd7 7. g4 Bg6 8.
g5 Nh5 9. d3 c6 10. dxc6 bxc6 11. Be3 e6 12. Qd2 Bb4 13. Nge2 Ne5 14. Rf1 O-O
15. O-O-O Qa5 16. Bb3 Qc7 17. f4 Nd7 18. Kb1 a5 19. a3 a4 20. Ba2 Ba5 21. Qc1
Rfb8 22. Nxa4 Bb4 23. Bb3 Bxa3 24. bxa3 Rxa4 25. Ka2 Ra6 26. Bd4 Rba8 27. Bb2
Nc5 28. Ng3 Qb7 29. Qd2 Qa7 30. Qb4 Nxb3 31. Qxb3 Qc5 32. Nxh5 Bxh5 33. Rde1 Rb6
34. Qc3 Qxc3 35. Bxc3 Rba6 36. Bb2 c5 37. Re4 Bg4 38. Rfe1 Bf3 39. Re5 c4 40.
dxc4 Rc6 41. R1e3 Bg2 42. Rc3 Rac8 43. c5 Bd5+ 44. Kb1 Rxc5 45. Rxc5 Rxc5 46.
Kc1 Rc4 47. f5 Rh4 48. fxe6 fxe6 49. Re2 Rg4 50. Bc3 Rxg5 51. a4 Rg2 52. Re5
Rxh2 53. a5 Rh4 54. Rg5 g6 55. Rg1 Rh1 56. Rxh1 Bxh1 57. a6 g5 58. Kd2 Kf7 59.
Ke3 Ke7 60. a7 Kd6 61. Bf6 g4 62. Bh4 e5 63. Bg3 Bc6 64. c4 Kc5 65. Bxe5 Kxc4
66. Kf4 Kd5 67. Bb8 h5 68. Kg5 Ke4 69. Kxh5 Kf3 70. Kh4 1/2-1/2

[Event "World Rapid Women 2022"]
[Site "Almaty KAZ"]
[Date "2022.12.28"]
[Round "9.32"]
[White "Khamdamova, Afruza"]
[Black "Badelka, Olga"]
[Result "1-0"]
[WhiteTitle "WFM"]
[BlackTitle "IM"]
[WhiteElo "2139"]
[BlackElo "2416"]
[WhiteFideId "14210444"]
[BlackFideId "13509926"]
[EventDate "2022.12.26"]

1. e4 e5 2. Nf3 Nc6 3. Bb5 Nf6 4. O-O Nxe4 5. d4 Nd6 6. dxe5 Nxb5 7. a4 d6 8. e6
Bxe6 9. axb5 Ne5 10. Nd4 Be7 11. f4 Nc4 12. Qe2 Nb6 13. Nxe6 fxe6 14. Qxe6 Qd7
15. Qxd7+ Kxd7 16. Nd2 Bf6 17. Nf3 a6 18. bxa6 Rxa6 19. Rxa6 bxa6 20. b3 Nd5 21.
Bd2 c5 22. g4 Rc8 23. c4 Nc7 24. g5 Be7 25. f5 Rf8 26. Ne1 d5 27. Nd3 Bd6 28.
Ba5 Rb8 29. Rf3 dxc4 30. bxc4 Rf8 31. Kg2 Ne8 32. h4 Rf7 33. Kf2 Kc6 34. Bc3 Rb7
35. Nf4 Bxf4 36. Rxf4 Nd6 37. g6 hxg6 38. fxg6 Re7 39. Kf3 Kd7 40. h5 Ne8 41.
Rf7 Ke6 42. Rf4 Kd7 43. Rf5 Kd6 44. Kf4 Re2 45. Rd5+ Ke6 46. Rxc5 Rf2+ 47. Kg3
Rf5 48. Rc6+ Kd7 49. Rxa6 Rxh5 50. Ra7+ Ke6 51. Ra8 Ke7 52. Kg4 Rh1 53. c5 Rc1
54. Bb2 Rc4+ 55. Kf3 Nf6 56. Ra7+ Kf8 57. Rc7 Ne8 58. Rf7+ Kg8 59. Re7 Kf8 60.
Rb7 Nf6 61. Ra7 Ne8 62. Ba3 Nf6 63. c6+ Ke8 64. Ra8# 1-0